000 00333nam a2200133Ia 4500
008 150301s2014 xx 000 0 und d
082 _a612
_bM14J
100 _aJAIN, A.K.
245 _aMAUAL OF PRACTICAL PHYSIOLOGY FOR MBBS
260 _bARYA PUB
_aDELHI
_c2014
300 _a354
650 _aHUMAN PHYSIOLOGY
942 _2ddc
_cBK
_093
999 _c6679
_d6679